000 00258nam a2200109Ia 4500
008 190907s9999||||xx |||||||||||||| ||und||
100 _aBirley,sue .
245 0 _aMastering Enterpreneurship
260 _aNew Delhi
_bAddison
_c2000
300 _a418
942 _cBK
999 _c6346
_d6346